000 00637nam a2200229Ia 4500
003 OSt
005 20220926040505.0
006 a|||||r|||| 00| 0
007 ta
008 220923b |||||||| |||| 00| 0 eng d
037 _cGeneral Book
040 _aRTL
_cRTL
_beng
041 _2eng
_aeng
082 _aX0aQ7, K4
100 _aAli Syed Ahmad
_949109
245 0 _aEconomic foundations of Islam
_b A social and economic study
260 _c1964
300 _ax,203p
_ccm.
650 _aEconomics IRT Religion Muhammadanism
_9343722
942 _hX0aQ7, K4
_cGB
_2CC
999 _c664937
_d664937